• 首页
  • 本馆介绍
  • 公告通知
  • 最新文献
  • 馆藏检索
  • 电子资源
  • 读者导购
  • 参考咨询
  • 我的图书馆
  • 登录
  • 详细信息显示
  • 放入我的书架
  • 预约/预借图书
  • 作者相关作品
  • 分类相关作品
  • 丛书相关作品
  • 出版社相关作品

书目信息

  • 表格格式
  • 工作单格式
  • 卡片格式
题名:
新选唐诗三百首
    
 
作者: ;武汉大学中文系古典文学教研室选 注
分册:  
出版信息: 北京   人民文学出版社  1980.7
页数: 485页
开本: 20cm
丛书名:
单 册:
中图分类: I222.427
科图分类:
主题词: 赋 , 赋比兴 , 汉赋
电子资源:
ISBN:
000 00685nam0 2200229 45
001 0312221749
005 20070209082653.17
010    @dCNY1.55
091    @a10019.2944
100    @a20031222d1980 km y0chiy0120 ea
101    @achi
105    @a z 000yy
200 1  @a新选唐诗三百首@AXin Xuan Tang Shi San Bai Shou@f武汉大学中文系古典文学教研室选注@FWu Han Da Xue Zhong Wen Xi Gu Dian Wen Xue Jiao Yan Shi XuanZhu
210    @a北京@c人民文学出版社@d1980.7
215    @a485页@d20cm
606 0  @a赋
606 0  @a赋比兴
606 0  @a汉赋
690    @aI222.427@v3
711 02 @a武汉大学中文系古典文学教研室选@4注
801    @aCN@bTSTCL@c20070209
905    @dI222.427@e59@f1@b60944
    
    新选唐诗三百首/武汉大学中文系古典文学教研室选注.-北京:人民文学出版社,1980.7
    485页;20cm
    
    
    ISBN :CNY1.55
    
●
相关链接 在E读中查询图书 在五车中查询图书 在当当中查询图书 在豆瓣中查询图书


正题名:新选唐诗三百首     索取号:I222.427/59         预约/预借

序号 登录号 条形码 馆藏地/架位号 状态 备注
1 0032677   001465042   密集书库/ [索取号:I222.427/59] 在馆    
2 0043821   000966011   密集书库/ [索取号:I222.427/59] 在馆    
3 0043823   000965922   密集书库/ [索取号:I222.427/59] 在馆    
4 0060942   001909803   密集书库/ [索取号:I222.427/59] 在馆    
5 0060943   000965959   密集书库/ [索取号:I222.427/59] 在馆    
6 0060944   000965977   密集书库/ [索取号:I222.427/59] 在馆    
7 0060945   202314110   密集书库/ [索取号:I222.427/59] 在馆    
8 0060946   001909769   密集书库/ [索取号:I222.427/59] 在馆    
9 0060948   000965904   密集书库/ [索取号:I222.427/59] 在馆    
10 0060949   000965913   密集书库/ [索取号:I222.427/59] 在馆    
11 0060950   001904871   密集书库/ [索取号:I222.427/59] 在馆    
12 0060951   001909723   密集书库/ [索取号:I222.427/59] 在馆    
13 0060952   000965931   密集书库/ [索取号:I222.427/59] 在馆    
14 0060953   001909849   密集书库/ [索取号:I222.427/59] 在馆    
15 0060954   001909885   密集书库/ [索取号:I222.427/59] 在馆    
16 0060956   000778206   密集书库/ [索取号:I222.427/59] 在馆    
17 0060957   001590086   密集书库/ [索取号:I222.427/59] 在馆    
18 0060960   001909689   密集书库/ [索取号:I222.427/59] 在馆    
19 0060961   001904880   密集书库/ [索取号:I222.427/59] 在馆    
唐山师范学院图书馆 欢迎您!
大连网信软件有限公司© 版权所有